00505 2200205 4500001002100000008004100021035002000062082000800082084001400090100001900104245006700123250000600190260003000196300001200226650001300238990001200251990001200263990001200275990001200287INLIS000000000000777 ind  a0010-0524000012 a600 a600 LOU p aStowell, Louie aPanduan Berinternet Sehat dan Aman Untuk RemajacLouie Stowell a1 aJakarta :bErlanggac2016 a152 hlm aNonFiksi a0740401 a0740402 a0740403 a0740404